Регионална библиотека "Любен Каравелов" - Русе

Византия (Запис номер 8168)

MARC детайли
000 -Лидер
Контролно поле с фиксирана дължина 01280nam a2200337 c 4500
003 - Код на организацията, давaща контролен номер
Контролно поле BLK
005 - Дата и час на последна редакция
Контролно поле 20240302114029.0
008 - Елементи от данни с фиксирана дължина
fixed length control field 180412b bul|||||r ||||||| ||bul||
010 ## - Наследен системен номер
LC control number KNG00009505000
020 ## - Международен стандартен номер на книга ISBN
Международен стандартен номер на книга ISBN 954-416-085-Х
-- издат.: Век 22
040 ## - Източник на каталожния запис
Идентификатор на билиотеката - собственик на записа BLK
041 ## - Код за език
Код за езика на текст/звукозапис или на отделно заглавие Български
Код за езика КДБФ Български
080 ## - УДК
Текстов определител УДК История на Византия и Гърция
УДК код - определител по УДК 94(495)
УДК определител
УДК - код + определител 94(495)
100 1# - Редна дума - Автор
Автор Бакалов, Георги Петров
Авторска отговорност първи автор
R(LIN) 253283
139 ## - Редно поле
Редна дума Бакалов, Георги Петров
Авторски знак Бак - Б 16
245 10 - Сведения за заглавието
Заглавие Византия
Подзаглавни данни Култ.-полит. очерци
Редно поле (дума) Георги Петров Бакалов.
257 ## - Страна на издаване
Страна на създаване/издаване България
260 ## - Област на издателските данни
-- София
Име на издателя, разпространителя и проч. Век 22
Година на издаване 1995
Печатница Варна : Бряг принт
300 ## - Физическа характеристика
Страници 454 с.
Илюстрации и др. с ил.
Размери/Мащаб 24 см
380 ## - Жанр
Жанр История
500 ## - Общи забележки
Забележка 4 000 тир. ; 2 000 екз. от тир. подв. Кн. е изд. с конкурс на Нац. център за книгата
650 #4 - Допълнително описание по предмет – тема
Основно описание – тема или топоним Византия - история
9 (RLIN) 247368
653 ## - Ключова дума – ненормативна
Ключова дума Византия
653 ## - Ключова дума – ненормативна
Ключова дума история
852 ## - Местоположение
Форматна сигнатура Цб 184623
856 4# - Електронен адрес и достъп
Електронен формат pdf - файл
Път до файла /url/
856 4# - Електронен адрес и достъп
Електронен формат pdf - файл
Път до файла /url/
942 ## - АРТИКУЛИ
Вид на библиотечния материал Книги
Скрит в OPAC Не
Koha issues (borrowed), all copies 2
944 ## - СЪЗДАВАНЕ И РЕДАКЦИЯ на ЗАПИСА
Създаване/Редакция Създаване
Дата на регистрацията/редакция 15.01.2003
Служител, извършил регистрацията/редакцията 30560
Статус, дата на статуса Геновева Генчева
944 ## - СЪЗДАВАНЕ И РЕДАКЦИЯ на ЗАПИСА
Създаване/Редакция Редакция
Дата на регистрацията/редакция 02.02.2004
Служител, извършил регистрацията/редакцията
999 ## - СИСТЕМНИ КОНТРОЛНИ НОМЕРА
Koha biblionumber 8168
Koha biblioitemnumber 8168
Наличности
Код за отписване Код за изгубен артикул Източник на класификационната схема Код за повреда Коз за рестрикции Код за отдаване Артикулен № Име на библиотеката - собственик Име на библиотеката, в която се намира в момента Статус (Текущо местоположение) Дата на вписване в системата Местоположение - отдел Цена в лева Инвентарен номер Систематично азбучна сигнатура Баркод Номер на екземпляра Цена в евро Служебна бележка Служебен тип на артикула
  Не е изгубен Universal Decimal Classification Не е повреден без рестрикции ползва се в читалня 14105 Регионална библиотека "Любен Каравелов" Русе Регионална библиотека "Любен Каравелов" Русе Хранилище 2001-01-01 Хранилище 0.00 617897 Цб 184623 120000617897 1 0.00 Дост: Dp Вид: Д N: 44 Дата: 01.01.1995 Дата инв: 20.08.2014 Бележки инв: Цб2014 Книги
  Не е изгубен Universal Decimal Classification Не е повреден без рестрикции ползва се в читалня 14106 Регионална библиотека "Любен Каравелов" Русе Регионална библиотека "Любен Каравелов" Русе Читалня 1995-01-01 Читалня 80.00 593407 Ч 93/94/Б 16 Г 120000593407 2 40.90 Дост: Pk Вид: Ф N: стар фонд Дата: 01.01.1995 Дата инв: 28.03.2017 Бележки инв: Ч2017 Книги
Vip Innovations Ltd, Rousse, Bulgaria 2025